000 00673nam a2200289Ia 4500
005 20260324124836.0
008 008 260324s9999 xx 000 0 eng d
020 _a9781315589848
037 _aEBOOK
040 _aCRL
040 _beng
040 _cCRL
041 _2eng
041 _aeng
084 _qCRL
100 _aAnna Triandafyllidou
_9998983
245 0 _aIrregular Migration in Europe
245 0 _bMyths and Realities
260 _bTaylor and Francis
260 _c2010
365 _a
365 _b240
856 _uhttp://www.taylorfrancis.com/books/9781315589848
942 _cEBOOK
999 _c1770449
_d1770449